| 000 | 00505nam a2200169Ia 4500 | ||
|---|---|---|---|
| 999 |
_c6824 _d6824 |
||
| 020 | _a8180695859 | ||
| 082 | _aRR 923.25403 PAS-E | ||
| 100 | _aPasricha, Ashu | ||
| 245 | 0 | _aEncyclopaedia of eminent thinkers: the political thought of Annie Besant | |
| 260 |
_aNew Delhi _bConcept Publishing _c2009 |
||
| 300 | _a143 | ||
| 504 | _aincludes bibliography and index | ||
| 650 |
_aStaesmen _vBiography _zIndia |
||
| 650 |
_aPolitical science _zIndia |
||
| 650 |
_aIndia _vPolitics and government |
||
| 942 | _cBK | ||